[Event "Landesliga Sued 1112"]
[Site "Bayern"]
[Date "2011.10.02"]
[Round "1.7"]
[White "Gavor, Franz"]
[Black "Gruettner, Ralf"]
[Result "1/2-1/2"]
[WhiteElo "2077"]
[BlackElo "2012"]
[PlyCount "103"]
[EventDate "2011.10.02"]
[EventType "team-tourn"]
[EventRounds "9"]
[EventCountry "GER"]
[SourceTitle "EXT 2013"]
[Source "ChessBase"]
[SourceDate "2012.11.22"]
[SourceVersion "1"]
[SourceVersionDate "2012.11.22"]
[SourceQuality "1"]
[WhiteTeam "Weilheim"]
[BlackTeam "Freising"]
[WhiteTeamCountry "GER"]
[BlackTeamCountry "GER"]

1. d4 Nf6 2. Nc3 d5 3. e4 dxe4 4. f3 Bf5 5. fxe4 Nxe4 6. Qf3 Nd6 7. Bf4 e6 8. 0-0-0 Nd7 9. g4 Bg6 10. h4 h5 11. g5 Be7 12. Nge2 c6 13. Ng3 Qa5 14. Bd3 Nf5 15. Bxf5 Bxf5 16. Nxh5 Bf8 17. Ng3 Bb4 18. Nxf5 Qxf5 19. Ne4 Nb6 20. c3 Nd5 21. Rdf1 Qxf4+ 22. Qxf4 Nxf4 23. cxb4 Ne2+ 24. Kd2 Nxd4 25. Nd6+ Ke7 26. Nxf7 Rh5 27. Ne5 Nf5 28. Kc3 Rd8 29. Rh3 Rd6 30. a4 Ke8 31. Rf4 Rd5 32. Re4 Rxh4 33. Rhxh4 Nxh4 34. Nc4 Nf5 35. Rxe6+ Kd7 36. Re1 Ne7 37. Ne5+ Kc7 38. Nf3 Kd6 39. Nd2 b6 40. a5 bxa5 41. bxa5 Kd7 42. Nc4 Rxg5 43. Ne5+ Kc7 44. Nf3 Rc5+ 45. Kd4 Rd5+ 46. Kc4 Nf5 47. b4 g5 48. Ne5 g4 49. Kc3 g3 50. Nd3 Nd4 51. Re7+ Kd6 52. Rg7 1/2-1/2

[Event "Landesliga Sued 0809"]
[Site "Bayern"]
[Date "2008.10.26"]
[Round "2.5"]
[White "Beck, Alexander1"]
[Black "Gavor, Franz"]
[Result "1/2-1/2"]
[WhiteElo "2065"]
[BlackElo "2136"]
[PlyCount "42"]
[EventDate "2008.10.05"]
[EventType "team-tourn"]
[EventRounds "9"]
[EventCountry "GER"]
[SourceTitle "EXT 2020"]
[Source "ChessBase"]
[SourceDate "2019.10.17"]
[SourceVersion "1"]
[SourceVersionDate "2019.10.17"]
[SourceQuality "1"]
[WhiteTeam "Muenchen Zugzwang"]
[BlackTeam "Weilheim"]
[WhiteTeamCountry "GER"]
[BlackTeamCountry "GER"]

1. d4 Nf6 2. c4 g6 3. Nc3 Bg7 4. e4 d6 5. f3 Nbd7 6. Be3 c5 7. Nge2 a6 8. Qd2 cxd4 9. Nxd4 Ne5 10. Be2 Be6 11. b3 Nc6 12. 0-0 0-0 13. Rfd1 Rc8 14. Rac1 Nxd4 15. Bxd4 Nd7 16. Be3 Re8 17. Na4 Qc7 18. c5 dxc5 19. Nxc5 Nxc5 20. Rxc5 Qb8 21. g3 Rxc5 1/2-1/2

[Event "AUT-chT2W 0102"]
[Site "Austria"]
[Date "2002.03.10"]
[Round "11.4"]
[White "Mittelberger, Peter"]
[Black "Gavor, Franz"]
[Result "0-1"]
[WhiteElo "2282"]
[BlackElo "2201"]
[PlyCount "51"]
[EventDate "2001.10.12"]
[EventType "team-tourn"]
[EventRounds "11"]
[EventCountry "AUT"]
[SourceTitle "EXT 2002"]
[Source "ChessBase"]
[SourceDate "2001.11.25"]
[SourceVersion "1"]
[SourceVersionDate "2001.11.25"]
[SourceQuality "1"]

1. e4 d6 2. d4 Nf6 3. Nc3 Nbd7 4. g3 a6 5. a4 e5 6. Nge2 g6 7. Bg2 Bg7 8. 0-0 exd4 9. Nxd4 0-0 10. h3 Re8 11. g4 Nc5 12. Re1 d5 13. exd5 Rxe1+ 14. Qxe1 Nxg4 15. Nce2 Ne5 16. Bf4 g5 17. Bh2 Ng6 18. Qc3 Qe7 19. b4 Ne4 20. Qxc7 Qe8 21. Re1 Nf6 22. Kf1 h6 23. Ra1 Ne4 24. Bxe4 Bxh3+ 25. Kg1 Bxd4 26. d6 0-1

[Event "AUT-chT2W 0001"]
[Site "Austria"]
[Date "2001.01.12"]
[Round "6"]
[White "Neuschmied, Siegfried"]
[Black "Gavor, Franz"]
[Result "1-0"]
[WhiteElo "2179"]
[BlackElo "2087"]
[PlyCount "79"]
[EventDate "2000.??.??"]
[EventType "team-tourn"]
[EventRounds "9"]
[EventCountry "AUT"]
[SourceTitle "EXT 2002"]
[Source "ChessBase"]
[SourceDate "2001.11.25"]
[SourceVersion "1"]
[SourceVersionDate "2001.11.25"]
[SourceQuality "1"]

1. e4 e5 2. Nf3 Nf6 3. Nxe5 d6 4. Nf3 Nxe4 5. d4 d5 6. Bd3 Bd6 7. 0-0 0-0 8. c4 Nf6 9. c5 Be7 10. h3 Re8 11. Nc3 Nbd7 12. Bf4 Nf8 13. b4 Ne6 14. Bh2 b6 15. Re1 c6 16. a3 Bd7 17. Bc2 Qc8 18. Qd3 g6 19. Ne5 Qb7 20. f4 a5 21. f5 gxf5 22. Qxf5 Ng7 23. Qf2 axb4 24. axb4 Be6 25. Na4 bxc5 26. Nxc5 Bxc5 27. bxc5 Ne4 28. Bxe4 dxe4 29. Rab1 Qc8 30. Rb6 Bd5 31. Ng4 e3 32. Nf6+ Kh8 33. Qh4 Qf5 34. Be5 Qg6 35. Ng4 Rg8 36. Rxe3 f6 37. Bxf6 h5 38. Re6 Bxe6 39. Ne5 Qe8 40. Qg5 1-0

[Event "AUT-chT2W 0001"]
[Site "Austria"]
[Date "2000.11.25"]
[Round "4.4"]
[White "Marzari, Adalbert"]
[Black "Gavor, Franz"]
[Result "0-1"]
[WhiteElo "1946"]
[BlackElo "2087"]
[PlyCount "87"]
[EventDate "2000.??.??"]
[EventType "team-tourn"]
[EventRounds "9"]
[EventCountry "AUT"]
[SourceTitle "EXT 2002"]
[Source "ChessBase"]
[SourceDate "2001.11.25"]
[SourceVersion "1"]
[SourceVersionDate "2001.11.25"]
[SourceQuality "1"]

1. e4 e5 2. Nf3 Nf6 3. Nc3 Nc6 4. Bc4 Nxe4 5. 0-0 Nxc3 6. dxc3 Be7 7. Qd5 0-0 8. Nxe5 Nxe5 9. Qxe5 Bf6 10. Qg3 d5 11. Bd3 Be6 12. f4 c5 13. f5 Bd7 14. Bf4 Qb6 15. Bc7 Qxb2 16. Be5 Qb6 17. Rab1 Bxe5 18. Qxe5 Qh6 19. f6 c4 20. Bf5 Bc6 21. Rf3 Rfe8 22. Qd4 g6 23. Rh3 Qg5 24. Rf1 Re2 25. Rg3 Qd2 26. Qf4 Qxf4 27. Rxf4 Rae8 28. Rf2 R8e3 29. Rxe3 Rxe3 30. Bg4 h5 31. Be2 Kh7 32. Kf1 Kh6 33. h4 Rxc3 34. Bf3 Re3 35. Rd2 Re5 36. g4 hxg4 37. Bxg4 Re4 38. Bf3 Rf4 39. Kg2 Rxf6 40. Kg3 Rf5 41. Bg4 Re5 42. Kf4 Re4+ 43. Kg3 d4 44. Be2 0-1